Statistics for Countries in a Pumpkin of the World Map

Click here to take the quiz!

General Stats

  • This quiz has been taken 25,193 times
  • The average score is 37 of 40

Answers on the Map

Answers color-coded by a green-red scale on the quiz's map according to % correct below.
Loading ...
 

Answer Stats

Country% Correct
Egypt
99%
Saudi Arabia
99%
India
98%
Yemen
98%
Oman
97%
Iran
97%
Sudan
97%
D.R. of the Congo
96%
Somalia
96%
Ethiopia
96%
South Sudan
96%
United Arab Emirates
96%
Iraq
96%
Pakistan
96%
Nigeria
95%
Niger
95%
R. of the Congo
95%
Chad
95%
Libya
95%
Afghanistan
94%
Qatar
94%
Kenya
94%
Turkey
94%
Kuwait
92%
Cyprus
92%
Central African Republic
91%
Eritrea
91%
Tanzania
91%
Rwanda
90%
Uganda
89%
Bahrain
87%
Cameroon
87%
Zambia
85%
Angola
84%
Equatorial Guinea
83%
Seychelles
83%
Burundi
83%
Gabon
82%
Maldives
82%
São Tomé and Príncipe
79%

Score Distribution

Percentile by Number Answered

Percent of People with Each Score

Your Score History

You have not taken this quiz